书目信息 |
| 题名: |
迷你智力大全
|
|
| 作者: | 刘征 编著 | |
| 分册: | ||
| 出版信息: | 北京 中国华侨出版社 2002 |
|
| 页数: | 13,464页 | |
| 开本: | 21cm | |
| 丛书名: | ||
| 单 册: | ||
| 中图分类: | G449.4 , B80-49 | |
| 科图分类: | ||
| 主题词: | 智力测验--通俗读物 , 智力测验 , 思维科学 | |
| 电子资源: | ||
| ISBN: | 7-80120-631-2 | |
| 000 | 00781nam0 2200253 450 | |
| 001 | 1574898221 | |
| 005 | 20150120204846.98 | |
| 010 | @a7-80120-631-2@dCNY24.80 | |
| 100 | @a20021015d2002 em y0chiy0110 ea | |
| 101 | 0 | @achi |
| 102 | @aCN@b110000 | |
| 105 | @ay z 000yy | |
| 200 | 1 | @a迷你智力大全@9mi ni zhi li da quan@e逻辑分析能力训练与测试@f刘征编著 |
| 210 | @a北京@c中国华侨出版社@d2002 | |
| 215 | @a13,464页@d21cm | |
| 330 | @a本书集知识性、趣味性、说理性于一体,其中既有智力测验,又有趣味盎然的故事;既让你深深思考,又让你充满新奇与幻想。 | |
| 606 | 0 | @a智力测验@j通俗读物 |
| 606 | 0 | @a智力测验 |
| 606 | 0 | @a思维科学 |
| 690 | @aG449.4@v5 | |
| 690 | @aB80-49@v4 | |
| 701 | 0 | @a刘征@9liu zheng@4编著 |
| 801 | 0 | @aCN@bTSSF@c20150120 |
| 905 | @aZUCC@dB80-49@eJY5 | |
| 迷你智力大全:逻辑分析能力训练与测试/刘征编著.-北京:中国华侨出版社,2002 |
| 13,464页;21cm |
| ISBN 7-80120-631-2:CNY24.80 |
| 本书集知识性、趣味性、说理性于一体,其中既有智力测验,又有趣味盎然的故事;既让你深深思考,又让你充满新奇与幻想。 |
| ● |
| 相关链接 |
|
|
|
|
正题名:迷你智力大全
索取号:B80-49/JY5
 
预约/预借
| 序号 | 登录号 | 条形码 | 馆藏地/架位号 | 状态 | 备注 |
| 1 | 7836529 | 278365298 | 学院路分馆/ [索取号:B80-49/JY5] | 在馆 |